<?xml version="1.0" encoding="UTF-8"?>
<record
    xmlns:xsi="http://www.w3.org/2001/XMLSchema-instance"
    xsi:schemaLocation="http://www.loc.gov/MARC21/slim http://www.loc.gov/standards/marcxml/schema/MARC21slim.xsd"
    xmlns="http://www.loc.gov/MARC21/slim">

  <leader>00674nam a22002417a 4500</leader>
  <controlfield tag="003">UA-OsUOA</controlfield>
  <controlfield tag="001"> 20504 </controlfield>
  <controlfield tag="007">ta</controlfield>
  <controlfield tag="008">20031031b un ||||| |||| 00| 0 ukr d</controlfield>
  <datafield tag="100" ind1=" " ind2=" ">
    <subfield code="a">&#x411;&#x456;&#x43B;&#x430;&#x43D; &#x41C;&#x430;&#x439;&#x44F;</subfield>
  </datafield>
  <datafield tag="090" ind1=" " ind2=" ">
    <subfield code="a">911.375(477)</subfield>
    <subfield code="b">&#x411;61</subfield>
  </datafield>
  <datafield tag="942" ind1=" " ind2=" ">
    <subfield code="c">BK</subfield>
  </datafield>
  <datafield tag="040" ind1=" " ind2=" ">
    <subfield code="a">UA-OsUOA</subfield>
    <subfield code="b">rus</subfield>
    <subfield code="c">UA-OsUOA</subfield>
    <subfield code="d">UA-OsUOA</subfield>
  </datafield>
  <datafield tag="245" ind1=" " ind2=" ">
    <subfield code="a">&#x412;&#x456;&#x434;&#x433;&#x43E;&#x43C;&#x456;&#x43D; &#x432;&#x456;&#x43A;&#x456;&#x432;</subfield>
    <subfield code="b">&#x41F;&#x443;&#x442;&#x456;&#x432;&#x43D;&#x438;&#x43A; &#x43F;&#x43E; &#x442;&#x443;&#x440;&#x438;&#x441;&#x44C;&#x43A;&#x43E;&#x43C;&#x443; &#x43C;&#x430;&#x440;&#x448;&#x440;&#x443;&#x442;&#x443; &#x41B;&#x44C;&#x432;&#x456;&#x432;-" &#x41E;&#x43B;&#x435;&#x441;&#x44C;&#x43A;&#x438;&#x439; &#x417;&#x430;&#x43C;&#x43E;&#x43A;"</subfield>
  </datafield>
  <datafield tag="300" ind1=" " ind2=" ">
    <subfield code="a">48 &#x441;.</subfield>
    <subfield code="b">&#x406;&#x43B;&#x44E;&#x441;&#x442;&#x440;&#x430;&#x446;&#x456;&#x457;</subfield>
  </datafield>
  <datafield tag="955" ind1=" " ind2=" ">
    <subfield code="a">0</subfield>
  </datafield>
  <datafield tag="041" ind1=" " ind2=" ">
    <subfield code="a">rus</subfield>
  </datafield>
  <datafield tag="080" ind1=" " ind2=" ">
    <subfield code="a">911.375(477)</subfield>
  </datafield>
  <datafield tag="260" ind1=" " ind2=" ">
    <subfield code="a">&#x41B;&#x44C;&#x432;&#x456;&#x432;</subfield>
    <subfield code="b">&#x41A;&#x430;&#x43C;&#x435;&#x43D;&#x44F;&#x440;</subfield>
    <subfield code="c">1978</subfield>
  </datafield>
  <datafield tag="044" ind1=" " ind2=" ">
    <subfield code="a">UA</subfield>
  </datafield>
  <datafield tag="650" ind1=" " ind2="7">
    <subfield code="2">UDC</subfield>
  </datafield>
  <datafield tag="999" ind1=" " ind2=" ">
    <subfield code="c">306683</subfield>
    <subfield code="d">306683</subfield>
  </datafield>
  <datafield tag="952" ind1=" " ind2=" ">
    <subfield code="0">0</subfield>
    <subfield code="1">0</subfield>
    <subfield code="2">udc</subfield>
    <subfield code="4">0</subfield>
    <subfield code="7">0</subfield>
    <subfield code="a">101</subfield>
    <subfield code="b">101</subfield>
    <subfield code="d">2003-10-31</subfield>
    <subfield code="i">34421</subfield>
    <subfield code="l">0</subfield>
    <subfield code="o">911.375(477) &#x411;61</subfield>
    <subfield code="p">34421</subfield>
    <subfield code="r">2022-05-19 00:00:00</subfield>
    <subfield code="w">2003-10-31</subfield>
    <subfield code="y">BK</subfield>
  </datafield>
</record>
